Elvis Presley 70s Songs with under 1,000,000 Plays - Statistics

General Stats
  • This quiz has been taken 12 times
  • The average score is 19 of 50
Answer Stats
Hint Answer % Correct
1973 Raised On Rock
75%
1975 Fairytale
63%
1975 If You Talk In Your Sleep
63%
1975 Mr. Songman
63%
1975 Susan When She Tried
63%
1974 Talk About the Good Times
63%
1973 Three Corn Patches
63%
1975 Bringin' It Back
50%
1971 Funny How Time Slips Away
50%
1975 I Can Help
50%
1973 I'll Take You Home Again Kathleen
50%
1971 It's Your Baby, You Rock It
50%
1973 Just a Little Bit
50%
1975 Love Song of the Year
50%
1973 Padre
50%
1975 Shake a Hand
50%
1975 Woman Without Love
50%
1975 Your Love's Been a Long Time Coming
50%
1973 Are You Sincere
38%
1973 Girl of Mine
38%
1973 If You Don't Come Back
38%
1973 I Miss You
38%
1973 It's Still Here
38%
1972 I've Got Confidence
38%
1972 I Was Born About Ten Thousand Years Ago
38%
1973 I Will Be True
38%
1971 Little Cabin On the Hill
38%
1972 Seeing Is Believing
38%
1973 Sweet Angeline
38%
1973 (That's What You Get) For Lovin' Me
38%
1972 There Is No God But God
38%
1971 Cindy, Cindy
25%
1971 Faded Love
25%
1973 Find Out What's Happening
25%
1971 Got My Mojo Workin'/Keep Your Hands Off of It
25%
1971 Heart of Rome
25%
1971 I Washed My Hands In Muddy Water
25%
1971 Make the World Go Away
25%
1972 Miracle of the Rosary
25%
1971 Only Believe
25%
1970 Proud Mary
25%
1971 The Sound of Your Cry
25%
1971 This Is Our Dance
25%
1972 We Can Make the Morning
25%
1971 When I'm Over You
25%
1971 If I Were You
13%
1971 I'll Never Know
13%
1971 It Ain't No Big Thing (But It's Growing)
0%
1972 The First Ever I Saw Your Face
0%
1971 Where Did They Go, Lord
0%
No matching quizzes found
Score Distribution
Percent of People with Each Score
Percentile by Number Answered
Your Score History
You have not taken this quiz